000
00270nam a2200109Ia 4500
008
190914s9999||||xx |||||||||||||| ||und||
100
_a
Ravi Kalakota
245
0
_a
Readings In Electronic Commerce
260
_a
New Delhi
_b
Bantam Books
_c
2000
300
_a
632
942
_c
BK
999
_c
9239
_d
9239